Countries That Begin With 'B' On a Map - Statistics

General Stats
  • This quiz has been taken 49 times
  • The average score is 15 of 18
Answers on the Map
Answers color-coded by a green-red scale on the quiz's map according to % correct below.
 
Answer Stats
Answer % Correct
Brazil
95%
Belgium
93%
Bolivia
93%
Bahamas
91%
Benin
91%
Botswana
91%
Bulgaria
91%
Barbados
88%
Belize
88%
Bhutan
88%
Bosnia and Herzegovina
86%
Bahrain
84%
Belarus
81%
Brunei
81%
Burkina Faso
79%
Bangladesh
77%
Burundi
77%
Myanmar
49%
No matching quizzes found
Score Distribution
Percent of People with Each Score
Percentile by Number Answered
Your Score History
You have not taken this quiz